William H. Harrison Trivia - Statistics

General Stats
  • This quiz has been taken 12 times
  • The average score is 6 of 10
Answer Stats
# Questions Answer % Correct
3 How many months did Harrison serve? 1/one
100%
2 What political party did Harrison belong to? Whig
100%
7 What was the first name of Harrison'sgrandchild who also served as president Benjamin
83%
6 Harrison's father signed this document Declaration of Independence
83%
1 Who was Harrison's vice president? John Tyler
83%
5 Harrison was born as a ______ citizen not anAmerican citizen British
67%
4 What current US state was Harrison born in? Virginia
58%
9 What job (besides politician) did Harrison have? Soldier
25%
8 Who did Harrison marry? Anna Symmes
8%
10 Name one of the 2 awards given to Harrison Congressional Gold Medal/Thanks of Congress
8%
No matching quizzes found
Score Distribution
Percent of People with Each Score
Percentile by Number Answered
Your Score History
You have not taken this quiz